Эпоха застоя

Bibliografische gegevens
Hoofdauteur: Ванюков Д. А. Дмитрий Александрович
Samenvatting:Со сменой руководства в 1964 г. были смягчены перегибы в политике времен Н-С. Хрущева. Наступил длительный период в целом умеренной политики государства, который впоследствии назовут «эпохой застоя». Народное хозяйство СССР развивалось быстро, улучшались показатели жизнеобеспечения людей. Именно в «эпоху застоя» было проведено огромное по масштабам жилищное и дорожное строительство, построено метро в 11 городах, завершена полная электрификация села, созданы единые энергетические и транспортные системы и многое другое. О плюсах и минусах развитого социализма, внешней и внутренней политике СССР этого периода, реформах Ю.В. Андропова, появлении на политической арене К.У. Черненко рассказывается в этой книге.
Taal:Russisch
Gepubliceerd in: Москва, Мир книги, 2008
Reeks:История России
Onderwerpen:
Formaat: MixedMaterials Boek
KOHA link:https://koha.lib.tpu.ru/cgi-bin/koha/opac-detail.pl?biblionumber=135011

MARC

LEADER 00000nam0a2200000 4500
001 135011
005 20231101220525.0
010 |a 9785486018671 
035 |a (RuTPU)RU\TPU\book\146328 
090 |a 135011 
100 |a 20080407d2008 m y0rusy50 ca 
101 0 |a rus 
102 |a RU 
105 |a a z 001zd 
200 1 |a Эпоха застоя  |f Д. А. Ванюков 
210 |a Москва  |c Мир книги  |d 2008 
215 |a 240 с.  |c ил. 
225 1 |a История России 
320 |a Список литературы: с. 234-237. 
330 |a Со сменой руководства в 1964 г. были смягчены перегибы в политике времен Н-С. Хрущева. Наступил длительный период в целом умеренной политики государства, который впоследствии назовут «эпохой застоя». Народное хозяйство СССР развивалось быстро, улучшались показатели жизнеобеспечения людей. Именно в «эпоху застоя» было проведено огромное по масштабам жилищное и дорожное строительство, построено метро в 11 городах, завершена полная электрификация села, созданы единые энергетические и транспортные системы и многое другое. О плюсах и минусах развитого социализма, внешней и внутренней политике СССР этого периода, реформах Ю.В. Андропова, появлении на политической арене К.У. Черненко рассказывается в этой книге. 
600 1 |a Брежнев  |b Л. И.  |c российский политический деятель  |c генеральный секретарь ЦК КПСС  |f 1906-1982  |g Леонид Ильич  |2 stltpush  |3 (RuTPU)RU\TPU\pers\1056  |9 475 
600 1 |a Андропов  |g Юрий Владимирович  |c российский государственный деятель  |f 1914-1984  |b Ю. В.  |c генеральный секретарь ЦК КПСС  |2 stltpush  |3 (RuTPU)RU\TPU\pers\357 
610 1 |a Россия 
610 1 |a история 
610 1 |a 20 век 
610 1 |a период застоя 
610 1 |a экономика 
610 1 |a политика 
610 1 |a развитой социализм 
610 1 |a международная политика 
610 1 |a культура 
610 1 |a СССР 
686 |a Т3(2)63  |v LBC/SL-A  |2 rubbk 
700 1 |a Ванюков  |b Д. А.  |g Дмитрий Александрович 
801 1 |a RU  |b 63413507  |c 20080407  |g PSBO 
801 2 |a RU  |b 63413507  |c 20081107  |g PSBO 
942 |c BK 
959 |a 39/20080403  |d 1  |e 140,00  |f ЧЗГЛ:1